Analýza predpokladov zvýšenia účinnosti odmeňovania THP v podmienkach trhovej ekonomiky záverečná práca postgraduálneho štúdia

Guardado en:
Detalles Bibliográficos
Autor principal: Bahleda, Milan
Autor Corporativo: Vysoká škola ekonomická v Bratislave
Formato: Libro
Lenguaje:eslovaco
Publicado: Bratislava 1991
Etiquetas: Agregar Etiqueta
Sin Etiquetas, Sea el primero en etiquetar este registro!

MARC

LEADER 00000nam a2200000 4500
001 c033784
005 20221214093122.5
041 0 |a slo 
044 |a SK 
245 1 0 |a Analýza predpokladov zvýšenia účinnosti odmeňovania THP v podmienkach trhovej ekonomiky  |b záverečná práca postgraduálneho štúdia  |c Milan Bahleda 
264 1 |a Bratislava  |c 1991 
300 |a 14 s. 
100 1 |a Bahleda, Milan 
710 2 |a Vysoká škola ekonomická v Bratislave